000 00600 a2200181 4500
999 _c4352
_d4352
010 _aENG-86163
020 _a8173871973
_c350.00
035 _aEN-69696
037 _bDBAD / PUB
082 1 4 _a398.095415
100 1 _aBande, Usha
245 1 _aFolk traditions and ecology in Himachal Pradesh /
_cby Usha Bande
260 _aNew Delhi
_bIndus Publishing
_cc2006
270 _aFS-5, Tagore Garden
_bNew Delhi
_e110027
_k011-42133022, 011-42133622
_mindus@indus-publishing.com
300 _a175 p.
_c21cm. (Hb.)
500 _aIncludes index
942 _adpl
_cEN
_2ddc
_h398.095415
_mBAN